书目信息 |
| 题名: |
传感器及实用检测技术
|
|
| 作者: | 程军 主编 | |
| 分册: | ||
| 出版信息: | 西安 西安电子科技大学出版社 2008.08 |
|
| 页数: | 247页 | |
| 开本: | 26cm | |
| 丛书名: | ||
| 单 册: | ||
| 中图分类: | TP212.06 | |
| 科图分类: | ||
| 主题词: | 传感器--chuan gan qi--测试技术--高等教育--教材 | |
| 电子资源: | ||
| ISBN: | 978-7-5606-2091-6 | |
| 000 | 00910nam0 2200253 450 | |
| 001 | 012009381048 | |
| 005 | 20090916190019.76 | |
| 010 | @a978-7-5606-2091-6@dCNY23.00 | |
| 100 | @a20090916d2008 em y0chiy0120 ea | |
| 101 | 0 | @achi |
| 102 | @aCN@b610000 | |
| 105 | @aa a 000yy | |
| 106 | @ar | |
| 200 | 1 | @a传感器及实用检测技术@Achuan gan qi ji shi yong jian ce ji shu@f程军主编@Fcheng jun zhu bian |
| 210 | @a西安@c西安电子科技大学出版社@d2008.08 | |
| 215 | @a247页@c图@d26cm | |
| 300 | @a高职高专电子、通信类专业“十一五”规划教材 | |
| 320 | @a有书目 (第247页) | |
| 330 | @a本书内容包括:传感器基础知识、温度传感器及检测、力敏传感器及检测、温度传感器和气敏传感器、物位的检测、传感器实用技术等共9章。 | |
| 606 | 0 | @a传感器@Achuan gan qi@x测试技术@x高等教育@j教材 |
| 690 | @aTP212.06@v4 | |
| 701 | 0 | @a程军@Acheng jun@4主编 |
| 801 | 0 | @aCN@bQSSK@c20090916 |
| 905 | @b752088-90@dTP212.06@eC745@f3 | |
| 传感器及实用检测技术/程军主编.-西安:西安电子科技大学出版社,2008.08 |
| 247页:图;26cm |
| 高职高专电子、通信类专业“十一五”规划教材 |
| ISBN 978-7-5606-2091-6:CNY23.00 |
| 本书内容包括:传感器基础知识、温度传感器及检测、力敏传感器及检测、温度传感器和气敏传感器、物位的检测、传感器实用技术等共9章。 |
| ● |
| 相关链接 |
|
|
|
正题名:传感器及实用检测技术
索取号:TP212.06/C745
 
预约/预借
| 序号 | 登录号 | 条形码 | 馆藏地/架位号 | 状态 | 备注 |
| 1 | 752088 | 207520887 | 自科库301/301自科库 40排3列2层/ [索取号:TP212.06/C745] | 在馆 | |
| 2 | 752089 | 207520896 | 自科库301/301自科库 40排3列2层/ [索取号:TP212.06/C745] | 在馆 | |
| 3 | 752090 | 207520903 | 自科库301/301自科库 40排3列2层/ [索取号:TP212.06/C745] | 在馆 |